1542 1067 1968 1291 1507 1916 1586 1442 1181 1235 1453 1492 1730 1163 1635 1998 1366 1894 1005 1572 1930 1644 1477 1789 1082 1755 1375 1118 1403 1786 1440 1214 1848 1140 1292 1365 1199 1737 1094 1335 1550 1713 1337 1029 1113 1777 1598 1361 1100 1298 1213 1614 1673 1088 1877 1945 1513 1351 1489 1589 1196 1156 1358 1240 1018 1851 1203 1643 1817 1643 1154 1120 1245 1517 1853 1337 1472 1843 1010 1288 1622 1260 1604 1701 1635 1113 1932 1456 1705 1912 1078 1606 1742 1381 1531 1782 1809 1978 1946 BCNSPRNW ULIB Ver.6.0+V

เปลี่ยนเป็นภาษาไทย

Change to English
 แสดงรายละเอียดบรรณานุกรม
  กลับหน้าหลัก

Brief Record : Get Marc (ISO 2709) : E-mail record : QR code < ปิดหน้าต่าง
LEADER : 00000nam 2200000uu 4500
001    13399113192
003     ULIB
008    110923s2550||||th 000 0 tha d
020    9746432664(ล.2)
050 04 QA76.9^bม246ค ล.2 2550
110 1  มหาวิทยาลัยสุโขทัยธรรมาธิราช.^bสาขาวิชาวิทยาศาสตร์และเทคโนโลยี
245 10 เอกสารการสอนชุดวิชา การจัดการระบบฐานข้อมูล หน่วยทรา 8-15 =^bDatabase system management/^cมหาวิทยาลัยสุโขทัยธรรมาธิราช
246 31 Database system management
250    พิมพ์ครั้งที่ 8
260    นนทบุรี :^bมหาวิทยาลัยสุโขทัยธรรมาธิราช,^c2550
300    2 เล่ม :^bภาพประกอบ ;^c30 ซม
500    ล.1: หน่วยที่ 1-7 -- ล.2: หน่วยที่ 8-15
650  7 การจัดการฐานข้อมูล
650  7 ฐานข้อมูล
945    ^p264^l0^i022934
945    ^p264^l0^i022935
945    ^p264^l0^i022936
995    ทศพร
999 ^a ศิริพร
รายการนี้ยังไม่มีแท็ก
คุณยังไม่ได้ล็อกอิน คุณสามารถมีกิจกรรมร่วมกับเว็บไซต์ได้ แต่ต้องล็อกอินก่อน ::
  ล็อกอิน

รายการสื่อสารสนเทศ

ลำดับที่ ประเภท เลขเรียก/บาร์โค้ด สถานที่ สถานะ
- ไม่พบข้อมูล -

รายการใกล้เคียง
    หัวเรื่อง [การจัดการฐานข้อมูล]
    หัวเรื่อง [ฐานข้อมูล]

BibComment


ยังไม่เคยถูกคอมเมนท์

คอมเมนท์ทรัพยากรรายการนี้
  คอมเมนท์: เอกสารการสอนชุดวิ..


 Copyright 2026. Bcnsprnw @Library